Estadísticas para Anatomía en Inglés

Haz click aquí para intentar la prueba.

Estadísticas generales

  • Esta prueba ha sido intentada 165 veces
  • La puntuación promedio es 42 de 50

Estadísticas de respuestas

InglésEspañol% Correcto
armbrazo
100%
footpie
100%
mouthboca
99%
haircabello / pelo / vello
99%
headcabeza
99%
fingerdedo
99%
handmano
99%
musclemúsculo
99%
nosenariz
99%
eyeojo
99%
earoreja / oído
99%
heartcorazón
98%
toothdiente
98%
backespalda
98%
stomachestómago
97%
shoulderhombro
97%
lipslabios
97%
neckcuello
96%
legpierna
96%
kneerodilla
96%
bonehueso
95%
tonguelengua
95%
eyelashpestaña
94%
eyebrowceja
93%
veinvena
91%
chestpecho
89%
elbowcodo
85%
liverhígado
84%
foreheadfrente
83%
throatgarganta
83%
cheekmejilla / cachete
82%
ankletobillo
82%
lungspulmones
81%
wristmuñeca
80%
kidneyriñón
80%
jawmandíbula / quijada
78%
navel / belly buttonombligo
77%
hipcadera
74%
chinmentón / barbilla
74%
toededo del pie
72%
bellypanza / barriga
72%
ribscostillas
71%
thumbpulgar
71%
waistcintura
70%
eyelidpárpado
70%
heeltalón
58%
thighmuslo
54%
jointarticulación
50%
napenuca
42%
gumencía
37%

Distribución de puntuación

Porcentaje por número respondido

Porcentaje de gente con cada puntuación

Historial de tus puntuaciones

No has intentado esta prueba.